<?xml version="1.0" encoding="UTF-8"?>
<marc:record xmlns:marc="http://www.loc.gov/MARC21/slim" type="Bibliographic">
   <marc:leader>00000pam a2200000 c 4500</marc:leader>
   <marc:controlfield tag="001">989828182</marc:controlfield>
   <marc:controlfield tag="003">DE-101</marc:controlfield>
   <marc:controlfield tag="005">20171202074842.0</marc:controlfield>
   <marc:controlfield tag="007">tu</marc:controlfield>
   <marc:controlfield tag="008">080731s2008    gw ||||| |||| 00||||ger  </marc:controlfield>
   <marc:datafield ind1=" " ind2=" " tag="015">
      <marc:subfield code="a">08,A43,2082</marc:subfield>
      <marc:subfield code="z">08,N34,1103</marc:subfield>
      <marc:subfield code="2">dnb</marc:subfield>
   </marc:datafield>
   <marc:datafield ind1="7" ind2=" " tag="016">
      <marc:subfield code="2">DE-101</marc:subfield>
      <marc:subfield code="a">989828182</marc:subfield>
   </marc:datafield>
   <marc:datafield ind1=" " ind2=" " tag="020">
      <marc:subfield code="a">9783940191229</marc:subfield>
      <marc:subfield code="c">Pp. : EUR 9.95</marc:subfield>
      <marc:subfield code="9">978-3-940191-22-9</marc:subfield>
   </marc:datafield>
   <marc:datafield ind1="3" ind2=" " tag="024">
      <marc:subfield code="a">9783940191229</marc:subfield>
   </marc:datafield>
   <marc:datafield ind1="5" ind2="2" tag="028">
      <marc:subfield code="a">Best.-Nr. 730</marc:subfield>
   </marc:datafield>
   <marc:datafield ind1=" " ind2=" " tag="035">
      <marc:subfield code="a">(DE-599)DNB989828182</marc:subfield>
   </marc:datafield>
   <marc:datafield ind1=" " ind2=" " tag="035">
      <marc:subfield code="a">(OCoLC)263409666</marc:subfield>
   </marc:datafield>
   <marc:datafield ind1=" " ind2=" " tag="040">
      <marc:subfield code="a">1245</marc:subfield>
      <marc:subfield code="b">ger</marc:subfield>
      <marc:subfield code="c">DE-101</marc:subfield>
      <marc:subfield code="d">9999</marc:subfield>
   </marc:datafield>
   <marc:datafield ind1=" " ind2=" " tag="041">
      <marc:subfield code="a">ger</marc:subfield>
   </marc:datafield>
   <marc:datafield ind1=" " ind2=" " tag="044">
      <marc:subfield code="c">XA-DE-HB</marc:subfield>
   </marc:datafield>
   <marc:datafield ind1="7" ind2="4" tag="082">
      <marc:subfield code="a">K</marc:subfield>
      <marc:subfield code="q">DE-101</marc:subfield>
      <marc:subfield code="2">22sdnb</marc:subfield>
   </marc:datafield>
   <marc:datafield ind1=" " ind2=" " tag="090">
      <marc:subfield code="a">b</marc:subfield>
   </marc:datafield>
   <marc:datafield ind1="0" ind2="0" tag="245">
      <marc:subfield code="a">&#x98;Die&#x9c; Bremer Stadtmusikanten</marc:subfield>
      <marc:subfield code="c">ein Märchen nach den Brüdern Grimm. Ill. von Johann Mayr</marc:subfield>
   </marc:datafield>
   <marc:datafield ind1=" " ind2="1" tag="264">
      <marc:subfield code="a">Bremen</marc:subfield>
      <marc:subfield code="b">BDS-Verl. Stute</marc:subfield>
      <marc:subfield code="c">2008</marc:subfield>
   </marc:datafield>
   <marc:datafield ind1=" " ind2=" " tag="300">
      <marc:subfield code="a">[25] S.</marc:subfield>
      <marc:subfield code="b">überw. Ill.</marc:subfield>
      <marc:subfield code="c">25 cm, 100 gr.</marc:subfield>
   </marc:datafield>
   <marc:datafield ind1=" " ind2=" " tag="336">
      <marc:subfield code="a">unbewegtes Bild</marc:subfield>
      <marc:subfield code="b">sti</marc:subfield>
      <marc:subfield code="2">rdacontent</marc:subfield>
   </marc:datafield>
   <marc:datafield ind1=" " ind2=" " tag="337">
      <marc:subfield code="a">ohne Hilfsmittel zu benutzen</marc:subfield>
      <marc:subfield code="b">n</marc:subfield>
      <marc:subfield code="2">rdamedia</marc:subfield>
   </marc:datafield>
   <marc:datafield ind1=" " ind2=" " tag="338">
      <marc:subfield code="a">Band</marc:subfield>
      <marc:subfield code="b">nc</marc:subfield>
      <marc:subfield code="2">rdacarrier</marc:subfield>
   </marc:datafield>
   <marc:datafield ind1=" " ind2=" " tag="653">
      <marc:subfield code="a">(VLB-FS)Märchen</marc:subfield>
   </marc:datafield>
   <marc:datafield ind1=" " ind2=" " tag="653">
      <marc:subfield code="a">(VLB-PF)BB: Gebunden</marc:subfield>
   </marc:datafield>
   <marc:datafield ind1=" " ind2=" " tag="653">
      <marc:subfield code="a">(VLB-WN)1210: HC/Kinder- und Jugendbücher/Bilderbücher</marc:subfield>
   </marc:datafield>
   <marc:datafield ind1="1" ind2=" " tag="700">
      <marc:subfield code="0">(DE-588)118542257</marc:subfield>
      <marc:subfield code="0">https://d-nb.info/gnd/118542257</marc:subfield>
      <marc:subfield code="0">(DE-101)118542257</marc:subfield>
      <marc:subfield code="a">Grimm, Jacob</marc:subfield>
      <marc:subfield code="d">1785-1863</marc:subfield>
      <marc:subfield code="e">Herausgeber</marc:subfield>
      <marc:subfield code="4">edt</marc:subfield>
      <marc:subfield code="2">gnd</marc:subfield>
   </marc:datafield>
   <marc:datafield ind1="1" ind2=" " tag="700">
      <marc:subfield code="0">(DE-588)11816452X</marc:subfield>
      <marc:subfield code="0">https://d-nb.info/gnd/11816452X</marc:subfield>
      <marc:subfield code="0">(DE-101)11816452X</marc:subfield>
      <marc:subfield code="a">Mayr, Johann</marc:subfield>
      <marc:subfield code="d">1956-</marc:subfield>
      <marc:subfield code="e">Mitwirkender</marc:subfield>
      <marc:subfield code="4">ctb</marc:subfield>
      <marc:subfield code="2">gnd</marc:subfield>
   </marc:datafield>
   <marc:datafield ind1="0" ind2="8" tag="776">
      <marc:subfield code="i">Chines. Ausg. u.d.T.:</marc:subfield>
      <marc:subfield code="t">Bulaimei-cheng-shi-yin-yue-jia</marc:subfield>
      <marc:subfield code="d">Bremen : BDS-Verl., 2010</marc:subfield>
      <marc:subfield code="h">[26] S., überw. Ill.</marc:subfield>
      <marc:subfield code="w">(DE-101)1002863627</marc:subfield>
   </marc:datafield>
   <marc:datafield ind1="0" ind2="8" tag="776">
      <marc:subfield code="i">Engl. Ausg. u.d.T.:</marc:subfield>
      <marc:subfield code="t">&#x98;The&#x9c; Bremen town musicians</marc:subfield>
      <marc:subfield code="d">Bremen : BDS-Verl. Stute, 2008</marc:subfield>
      <marc:subfield code="h">[25] S., überw. Ill.</marc:subfield>
      <marc:subfield code="w">(DE-101)990118592</marc:subfield>
   </marc:datafield>
   <marc:datafield ind1="0" ind2="8" tag="776">
      <marc:subfield code="i">Franz. Ausg. u.d.T.:</marc:subfield>
      <marc:subfield code="t">&#x98;Les&#x9c; musiciens de Brême</marc:subfield>
      <marc:subfield code="d">Bremen : BDS-Verl. Stute, 2009</marc:subfield>
      <marc:subfield code="h">[28] S., zahlr. Ill.</marc:subfield>
      <marc:subfield code="w">(DE-101)99413567X</marc:subfield>
   </marc:datafield>
   <marc:datafield ind1="0" ind2="8" tag="776">
      <marc:subfield code="i">Japan. Ausg. u.d.T.:</marc:subfield>
      <marc:subfield code="t">Burēmen no ongakutai</marc:subfield>
      <marc:subfield code="d">Bremen : BDS, 2012</marc:subfield>
      <marc:subfield code="h">[28] S., überw. Ill.</marc:subfield>
      <marc:subfield code="w">(DE-101)1028134142</marc:subfield>
   </marc:datafield>
   <marc:datafield ind1="0" ind2="8" tag="776">
      <marc:subfield code="i">Span. Ausg. u.d.T.:</marc:subfield>
      <marc:subfield code="t">&#x98;Los&#x9c; músicos de Bremen</marc:subfield>
      <marc:subfield code="d">Bremen : BDS-Verl. Stute, 2008</marc:subfield>
      <marc:subfield code="h">[25] S., überw. Ill.</marc:subfield>
      <marc:subfield code="w">(DE-101)990118606</marc:subfield>
   </marc:datafield>
   <marc:datafield ind1="0" ind2="8" tag="776">
      <marc:subfield code="i">Poln. Ausg. u.d.T.:</marc:subfield>
      <marc:subfield code="t">Czterej muzykanci z Bremy</marc:subfield>
      <marc:subfield code="d">Bremen : BDS-Verl. Stute, 2010</marc:subfield>
      <marc:subfield code="h">[28] S., überw. Ill.</marc:subfield>
      <marc:subfield code="w">(DE-101)100513331X</marc:subfield>
   </marc:datafield>
   <marc:datafield ind1="0" ind2="8" tag="776">
      <marc:subfield code="i">Portug. Ausg. u.d.T.:</marc:subfield>
      <marc:subfield code="t">&#x98;Os&#x9c; músicos de Bremen</marc:subfield>
      <marc:subfield code="d">Bremen : BDS, 2004</marc:subfield>
      <marc:subfield code="h">[27] S., überw. Ill.</marc:subfield>
      <marc:subfield code="w">(DE-101)972101969</marc:subfield>
   </marc:datafield>
   <marc:datafield ind1="0" ind2="8" tag="776">
      <marc:subfield code="i">Russ. Ausg. u.d.T.:</marc:subfield>
      <marc:subfield code="t">Bremenskie muzykanty</marc:subfield>
      <marc:subfield code="d">Bremen : BDS-Verl., 2004</marc:subfield>
      <marc:subfield code="h">[27] S., überw. Ill.</marc:subfield>
      <marc:subfield code="w">(DE-101)970191782</marc:subfield>
      <marc:subfield code="b">1. Aufl.</marc:subfield>
   </marc:datafield>
   <marc:datafield ind1="0" ind2="8" tag="776">
      <marc:subfield code="i">Finn. Ausg. u.d.T.:</marc:subfield>
      <marc:subfield code="t">Bremenin kaupungin soittoniekat</marc:subfield>
      <marc:subfield code="d">Bremen : BDS-Verl. Stute, 2008</marc:subfield>
      <marc:subfield code="h">[28] S., überw. Ill.</marc:subfield>
      <marc:subfield code="w">(DE-101)988328976</marc:subfield>
   </marc:datafield>
   <marc:datafield ind1="0" ind2="8" tag="776">
      <marc:subfield code="i">Plattdt. Ausg. u.d.T.:</marc:subfield>
      <marc:subfield code="t">&#x98;De&#x9c; Bremer Stadtmuskanten</marc:subfield>
      <marc:subfield code="d">Bremen : BDS-Verl. Stute, 2009</marc:subfield>
      <marc:subfield code="h">[28] S., überw. Ill.</marc:subfield>
      <marc:subfield code="w">(DE-101)995465576</marc:subfield>
   </marc:datafield>
   <marc:datafield ind1=" " ind2=" " tag="850">
      <marc:subfield code="a">DE-101a</marc:subfield>
      <marc:subfield code="a">DE-101b</marc:subfield>
   </marc:datafield>
   <marc:datafield ind1="4" ind2="2" tag="856">
      <marc:subfield code="m">X:MVB</marc:subfield>
      <marc:subfield code="q">text/html</marc:subfield>
      <marc:subfield code="u">http://deposit.dnb.de/cgi-bin/dokserv?id=3142071&amp;prov=M&amp;dok_var=1&amp;dok_ext=htm</marc:subfield>
      <marc:subfield code="3">Inhaltstext</marc:subfield>
   </marc:datafield>
   <marc:datafield ind1="r" ind2=" " tag="925">
      <marc:subfield code="a">ra</marc:subfield>
   </marc:datafield>
</marc:record>
